Guía didáctica del docente Matemática 3 y 4 Medio

Gespeichert in:
Bibliographische Detailangaben
1. Verfasser: Katherine Morales Valderrama Autor
Weitere Verfasser: Natalia Ortiz Solís Autor Secundario Ángel Fuentes Parada
Format: Buch
Sprache:Spanisch
Erschienen: Santiago SM Chile 2020
Katalog:MANES:  Suchergebnis im Bibliothekskatalog
Schulbuchspezifische Eigenschaften:
Tags: Tag hinzufügen
Keine Tags, Fügen Sie den ersten Tag hinzu!
Hinzugefügt zu:25.02.2024
Geändert in:25.04.2025

MARC

LEADER 00000nam a22000007a 4500
005 20250425101602.0
008 240226b |||||||| |||| 00| 0 spa d
040 |a MGM 
100 |9 43520  |a Katherine Morales Valderrama  |b Autor 
245 |a Guía didáctica del docente Matemática 3 y 4 Medio 
260 |a Santiago  |b SM Chile  |c 2020 
300 |a 399 p.  |b 23 x 27,5 cm. 
546 |a Chile 
561 |5 cl-MGM  |3 T Matemática 0324 2020  |a Chile. Museo Gabriela Mistral  |k MANES 
690 |a MATE 
691 |a SE 
700 |9 43521  |a Natalia Ortiz Solís   |b Autor Secundario  |9 43523  |a Ángel Fuentes Parada 
942 |2 ddc  |c BK 
999 |c 101376  |d 101376 
999 |c manes:101376  |d 101376